| 000 | 005260000a22001690004500 | ||
|---|---|---|---|
| 003 | MACL | ||
| 005 | 20160102150923.0 | ||
| 008 | 160102b xxu||||| |||| 00| 0 eng d | ||
| 040 |
_aMACL _cMACL |
||
| 041 | _aEnglish | ||
| 082 | _a611/COA | ||
| 100 |
_aCoade, T F _927234 |
||
| 245 |
_aManhood IN the Making _bPractical Suggestions on the Ideal Development of the Physical Mental and Social Life Of Boys |
||
| 260 |
_bD B Taraporevala Sons and Company _aBombay |
||
| 650 |
_aMedical Science _927235 |
||
| 942 |
_cBK _k611/COA _2ddc |
||
| 999 |
_c39486 _d39486 |
||